Top 10 Songs by Bon Jovi - Statistics

General Stats
  • This quiz has been taken 17 times
  • The average score is 6 of 10
Answer Stats
Hint Answer % Correct
1 Livin' on a Prayer
88%
2 You Give Love a Bad Name
88%
5 Bad Medicine
69%
6 Runaway
69%
4 Wanted Dead or Alive
56%
8 Bed of Roses
50%
3 It's My Life
50%
7 Always
38%
10 Born to Be My Baby
38%
9 I'll Be There For You
31%
No matching quizzes found
Score Distribution
Percent of People with Each Score
Percentile by Number Answered
Your Score History
You have not taken this quiz